| 000 | 01665nam a22004577a 4500 | ||
|---|---|---|---|
| 001 | 000095545 | ||
| 003 | CHAP | ||
| 005 | 20220817044107.0 | ||
| 008 | 060406d2005 mx r 00110 spa d | ||
| 010 | _a92011 | ||
| 011 | _a92983 | ||
| 035 | _a103550 | ||
| 040 | _cCHAP | ||
| 090 | _aTesis | ||
| 100 | 1 |
_aDueñas Baca, Susana Elizabeth. _934394 |
|
| 245 | 1 | 0 |
_aCaracterísticas físicas. lisina y triptofano de maíces de alta calidad proteínica (ACP) / _c/por Susana Elizabeth Dueñas Baca. |
| 260 |
_aChapingo, Méx. : _bEl autor, _c2005. |
||
| 300 | _a75 h. ; cuadros ; gráfs. | ||
| 502 | _aTesis (Ing. Agroindustrial) -- UACH. Departamento de Ingeniería Agroindustrial | ||
| 590 |
_aALEPH _b10 _c20130110 _lUCH01 _h1511 |
||
| 590 |
_aBATCH-UPD _b10 _c20130110 _lUCH01 _h0506 |
||
| 590 |
_aBATCH-UPD _b10 _c20130110 _lUCH01 _h2218 |
||
| 590 |
_aBATCH-UPD _b10 _c20130410 _lUCH01 _h0144 |
||
| 590 |
_aBATCH-UPD _b10 _c20130914 _lUCH01 _h1223 |
||
| 590 |
_aBATCH-UPD _b10 _c20140324 _lUCH01 _h1456 |
||
| 590 |
_aBATCH-UPD _b10 _c20141002 _lUCH01 _h0829 |
||
| 590 |
_aCONVERSION _b10 _c20130109 _lUCH01 _h1351 |
||
| 590 |
_aE11695DGD _b10 _c20130530 _lUCH01 _h1451 |
||
| 590 |
_aE12093SGE _b10 _c20130710 _lUCH01 _h0830 |
||
| 650 | 1 | 4 | _aLisina. |
| 650 | 1 | 4 |
_aMaíz _xCalidad. _970894 |
| 650 | 1 | 4 |
_aMaíz _xProteínas. _971043 |
| 650 | 1 | 4 | _aTriptofano. |
| 856 |
_3Finding aid _uhttp://10.13.5.2/tesis/103550.pdf _zTeclea aquí |
||
| 901 | _aBK | ||
| 905 | _aAlejandra Carrasco M. | ||
| 942 | _cCD | ||
| 942 | _n0 | ||
| 949 |
_aTesis _bBC _cTES _d00000001035501 _eTS1 _h44997 _i103550 _sb |
||
| 949 |
_aTesis _bBC _cTES _d33724000999488 _eTS2 _fc.2 _gDonaciØn _h44998 _i103550 _sb |
||
| 999 |
_c92011 _d92011 |
||